000 01382cam a2200301 4500
001 ABS63466
008 000000n2001 000 0 eng u
035 _a(Sirsi) u110787
100 _aMacCallum, V.
245 _aMapping out justice
260 _c2001
490 _aLaw Society's Gazette
_v98(3) 18 January 2001, 30-31(2)
520 _aReports on possible changes to the planning system including the reorganisation of the Planning Inspectorate, the setting up of an Environmental Court, and the creation of a separate division of the High Court to deal with planning matters. Welcomes the likely future separation of the planning process and planning law from politics and the opportunities that have been brought about by the High Court's landmark ruling on planning and human rights.
590 _aABS
650 _aCOURTS
650 _aEnvironment
_96238
650 _aHUMAN RIGHTS ACT 1998
650 _aPLANNING
650 _aPLANNING INSPECTORATE
650 _aPLANNING SYSTEM
650 _aR V SOS ENVIRONMENT, TRANSPORT AND THE REGIONS EX P ALCONBURY DEVELOPMENTS
650 _aR V SOS ENVIRONMENT EX P HOLDING AND BARNES PLC
650 _aR V SOS ENVIRONMENT EX P LEGAL AND GENERAL ASSURANCE SOCIETY
650 _aR V SOS ENVIRONMENT EX P PREMIER LEISURE
650 _aSOS ENVIRONMENT
690 _aPlanning and development
_96259
942 _n0
999 _c66041
_d66041